Central Library OPAC University of Rajshahi

Major legal systems in the world today : (Record no. 21732)

MARC details
000 -LEADER
fixed length control field 01038nam a22003131a 4500
001 - CONTROL NUMBER
control field 21732
003 - CONTROL NUMBER IDENTIFIER
rucl marc code BD-RjUL
005 - DATE AND TIME OF LATEST TRANSACTION
control field 20211209000724.0
008 - FIXED-LENGTH DATA ELEMENTS--GENERAL INFORMATION
fixed length control field 140305t1985 enk b 001 0 eng d
020 ## - INTERNATIONAL STANDARD BOOK NUMBER
International Standard Book Number 0420473408
International Standard Book Number 0420473505 pbk
035 ## - SYSTEM CONTROL NUMBER
System control number (BD-RjUL)21797
040 ## - CATALOGING SOURCE
Original cataloging agency DLC
Language of cataloging eng
Transcribing agency DLC
Modifying agency BD-RjUL
041 ## - LANGUAGE CODE
Language code of text/sound track or separate title eng
082 04 - DEWEY DECIMAL CLASSIFICATION NUMBER
Classification number 340.5
Author mark and year DAM 1985
100 10 - MAIN ENTRY--PERSONAL NAME
Personal name David, René,
9 (RLIN) 67106
245 10 - TITLE STATEMENT
Title Major legal systems in the world today :
Remainder of title an introduction to the comparative study of law /
Statement of responsibility, etc. René David, John E.C. Brierley
250 ## - EDITION STATEMENT
Edition statement 3rd ed.
260 ## - PUBLICATION, DISTRIBUTION, ETC. (IMPRINT)
Place of publication, distribution, etc. London :
Name of publisher, distributor, etc. Stevens & sons,
Date of publication, distribution, etc. 1985.
300 ## - PHYSICAL DESCRIPTION
Pagination xvi, 624 p ;
Size 23 cm.
500 ## - GENERAL NOTE
General note Translation of: Les grands systèmes de droit contemporains
504 ## - BIBLIOGRAPHY, ETC. NOTE
Bibliography, etc Includes Bibliographical reference and index.
650 #0 - SUBJECT ADDED ENTRY--TOPICAL TERM
Topical term or geographic name as entry element Comparative law
9 (RLIN) 67104
700 1# - ADDED ENTRY--PERSONAL NAME
Personal name Brierley, John E. C.
Fuller form of name (John Elmes Campbell),
Dates associated with a name 1936-
942 ## - ADDED ENTRY ELEMENTS (KOHA)
Source of classification or shelving scheme Dewey Decimal Classification
Koha item type Books
Holdings
Lost status Source of classification or shelving scheme Damaged status Not for loan Collection code Permanent Location Current Location Shelving location Date acquired Source of acquisition Total Checkouts Full call number Date last seen Copy number Koha item type
  Dewey Decimal Classification   Added to bundle Non-fiction Central Library, University of Rajshahi Central Library, University of Rajshahi Reading Room 29/06/1988 Asia foundation   340.5 DAM 1985 05/03/2014 C-1 Books